Along Blazed Trails : (Record no. 4627)
[ view plain ]
| 000 -LEADER | |
|---|---|
| fixed length control field | 00544nam a2200205 a 4500 |
| 001 - CONTROL NUMBER | |
| JCCL Control Number | 4627 |
| 003 - CONTROL NUMBER IDENTIFIER | |
| JCCL marc code | BD-JhCC |
| 005 - DATE AND TIME OF LATEST TRANSACTION | |
| control field | 20171129125604.0 |
| 008 - FIXED-LENGTH DATA ELEMENTS--GENERAL INFORMATION | |
| fixed length control field | 171129s1953 nyua|||| |||| 001 0 eng d |
| 035 ## - SYSTEM CONTROL NUMBER | |
| system control number | (BD-JhCC) |
| 040 ## - CATALOGING SOURCE | |
| Original cataloging agency | BD-JhCC |
| Modifying agency | BD-JhCC |
| 041 ## - LANGUAGE CODE | |
| Language code of Book | eng |
| 082 ## - DEWEY DECIMAL CLASSIFICATION NUMBER | |
| Classification number | 812.54 |
| Author mark and Year | ALO 1953 |
| 245 ## - TITLE STATEMENT | |
| Title | Along Blazed Trails : |
| Remainder of title | The Childrns hour / |
| Statement of responsibility, etc | Marjorie Barrows |
| 260 ## - PUBLICATION, DISTRIBUTION, ETC. (IMPRINT) | |
| Place of publication, distribution, etc | New York : |
| Name of publisher, distributor, etc | The Spencer Press, |
| Date of publication, distribution, etc | 1953 |
| 300 ## - PHYSICAL DESCRIPTION | |
| Pagination | 372 p. : |
| Other physical details | ill. ; |
| Dimensions | 24cm. |
| 650 ## - SUBJECT ADDED ENTRY--TOPICAL TERM | |
| Topical term or geographic name as entry element | American Drama |
| 700 ## - ADDED ENTRY--PERSONAL NAME | |
| Personal name | Barrows, Marjorie |
| 942 ## - ADDED ENTRY ELEMENTS (KOHA) | |
| Source of classification or shelving scheme | Dewey Decimal Classification |
| Koha item type | Books |
| Source of classification or shelving scheme | Damaged status | Not for loan | Home library | Current library | Shelving location | Date of accession | Total Checkouts | Full call number | Barcode | Date last seen | Copy number | Koha item type |
|---|---|---|---|---|---|---|---|---|---|---|---|---|
| Dewey Decimal Classification | JCC Rouf Library | JCC Rouf Library | General Stacks | 11/29/2017 | 812.54 ALO 1953 | 5774 | 11/29/2017 | C-1 | Books |